| 000 | 01047nmm a2200313 a 4500 | ||
|---|---|---|---|
| 001 | ocm0002348016 | ||
| 003 | TR-IsHL | ||
| 005 | 20201028185346.0 | ||
| 008 | 190906s2017 tu tur | ||
| 007 | cr cn | ||
| 020 | _a9786054977956 | ||
| 035 |
_a2348016 _b(N$T) |
||
| 050 | 0 | 4 |
_aPS3523.O46 _bC319 2017 |
| 090 | 0 | 4 |
_aPS3523.O46 _bC319 2017 |
| 100 | 1 | _aLondon, Jack | |
| 245 | 1 | 0 |
_aVahşetin çağrısı _h[electronic resource] / _cJack London ; Çeviren Kahraman Türel ; editör Ece Özbaş |
| 250 | _a1. Baskı | ||
| 260 |
_aİstanbul : _bİlgi Kültür Sanat Yayıncılık , _c2017 |
||
| 300 | _a136 p. | ||
| 500 | _aözgün adı: The call of the wild | ||
| 650 | 4 | _aDil ve Edebiyat | |
| 650 | 4 | _aLanguage and Literature | |
| 650 | 0 | _aAmerikan romanı | |
| 650 | 0 | _aAmerican fiction | |
| 650 | 7 |
_aLITERARY COLLECTIONS / American / General _2bisacsh |
|
| 700 | 1 | _aTürel, Kahraman | |
| 700 | 1 | _aÖzbaş, Ece | |
| 856 | 4 | 0 | _uhttp://search.ebscohost.com/login.aspx?direct=true&scope=site&db=e011xww&AN=2348016 |
| 999 |
_c21428 _d21428 |
||